Revista Exǧesis

Detalles Bibliográficos
Formato: eBook
Lenguaje:español
Publicado: Lima: Instituto de Investigaciones Jurd̕icas Lexis Legis, 2018 -
Materias:
Acceso en línea:Acceso restringido

MARC

LEADER 00000nam a22000007a 4500
005 20191216231719.0
007 cr|||| ||||
008 191216c20189999pe tr|w s|||| 0|||b1spa d
022 |a 2312-5101 
035 |a 30919 
040 |a vLex 
090 |c 10081  |d 10081 
245 0 0 |a Revista Exǧesis  |h [Recurso electrn̤ico] / 
256 |a Servicio en ln̕ea 
260 |a Lima:  |b Instituto de Investigaciones Jurd̕icas Lexis Legis,  |c 2018 - 
300 |a 1 recurso electrn̤ico 
310 |a Cuatrimestral 
506 1 |a Disponible solo en los productos indicados  |d vLex Global  |d vLex Global (Academic Edition, excluding Law Schools)  |d vLex Global (U.S. Academic Edition, Law Schools)  |d vLex Global (U.S. Academic Edition, excluding Law Schools)  |d vLex Global (Academic Edition, Law Schools) 
650 0 4 |a Derecho Civil  |z Per︢ 
650 0 4 |a Derecho Penal  |z Per︢ 
650 0 4 |a Derecho del Medio Ambiente  |z Per︢ 
650 0 4 |a Derecho Constitucional  |z Per︢ 
740 0 |a vLex Revistas (Servicio en ln̕ea) 
856 4 0 |u http://vlex.com/source/revista-exegesis-30919  |z Acceso restringido 
942 |c REV 
999 0 |a Civil Law 
999 0 |a Criminal Law 
999 0 |a Environmental Law 
999 0 |a Constitutional Law